Bosnia (Record no. 109644)

MARC details
000 -LEADER
fixed length control field 00754nam a2200253 i 4500
001 - CONTROL NUMBER
control field C2-0306816
003 - CONTROL NUMBER IDENTIFIER
control field PPAK
005 - DATE AND TIME OF LATEST TRANSACTION
control field 20180728093313.0
008 - FIXED-LENGTH DATA ELEMENTS--GENERAL INFORMATION
fixed length control field 101216s1994 my a|||| ||||| | may d
020 ## - INTERNATIONAL STANDARD BOOK NUMBER
International Standard Book Number 9839785001
040 ## - CATALOGING SOURCE
Original cataloging agency PPAK
Language of cataloging eng
Transcribing agency PPAK
Description conventions rda
082 04 - DEWEY DECIMAL CLASSIFICATION NUMBER
Classification number 355.033049742
Edition number 23
090 00 - LOCALLY ASSIGNED LC-TYPE CALL NUMBER (OCLC); LOCAL CALL NUMBER (RLIN)
Classification number (OCLC) (R) ; Classification number, CALL (RLIN) (NR) 355.033049742
Feature heading BOS
Feature heading G
245 00 - TITLE STATEMENT
Title Bosnia
Remainder of title Suara Keprihatinan Malaysia
250 ## - EDITION STATEMENT
Edition statement Cetakan Pertama
264 #1 - PRODUCTION, PUBLICATION, DISTRIBUTION, MANUFACTURE, AND COPYRIGHT NOTICE
Place of production, publication, distribution, manufacture Kuala Lumpur :
Name of producer, publisher, distributor, manufacturer Titian Klasik Sdn. Bhd. ,
Date of production, publication, distribution, manufacture, or copyright notice 1994
300 ## - PHYSICAL DESCRIPTION
Extent 160 pages :
Other physical details colour illustrations ;
Dimensions 22 cm
336 ## - CONTENT TYPE
Source rdacontent
Content type term text
337 ## - MEDIA TYPE
Source rdamedia
Media type term unmediated
338 ## - CARRIER TYPE
Source rdacarrier
Carrier type term volume
650 10 - SUBJECT ADDED ENTRY--TOPICAL TERM
Topical term or geographic name entry element Atrocities - Bosnia and Herzegovina.
700 0# - ADDED ENTRY--PERSONAL NAME
Personal name Ruhanie Haji Ahmad.,
Relator term compile
942 ## - ADDED ENTRY ELEMENTS (KOHA)
-- dc
Koha item type Book
Holdings
Withdrawn Not for loan Current library Shelving location Date acquired Total Checkouts Total Renewals Full call number Barcode Date last seen Date last checked out Koha item type
    Perpustakaan Alor Setar Pinjaman Dewasa 16/12/2010 4 3 355.033049742 BOS A00817307 13/04/2022 02/03/2022 Book